[Event "BCF-chT 0405 (4NCL)"]
[Site "West Bromwich"]
[Date "2005.04.09"]
[Round "7.8"]
[White "Yurenok, Maria S"]
[Black "Evans, Debbie"]
[Result "1/2-1/2"]
[WhiteElo "2078"]
[BlackElo "1995"]
[PlyCount "67"]
[EventDate "2004.09.18"]
[EventType "team"]
[EventRounds "11"]
[EventCountry "ENG"]
[SourceTitle "EXT 2006"]
[Source "ChessBase"]
[SourceDate "2005.11.24"]
[SourceVersion "1"]
[SourceVersionDate "2005.11.24"]
[SourceQuality "1"]
[WhiteTeam "Guildford II"]
[BlackTeam "Warwicks Select"]
[WhiteTeamCountry "ENG"]
[BlackTeamCountry "ENG"]

1. d4 e6 2. Nf3 Nf6 3. Bg5 c5 4. e3 Nc6 5. c3 Qb6 6. Qc2 Be7 7. Nbd2 d5 8. Be2 h6 9. Bh4 g5 10. Bg3 Nh5 11. Be5 Nxe5 12. Nxe5 Nf6 13. 0-0 Bd7 14. Rae1 Rc8 15. Qb1 Bb5 16. f4 Bxe2 17. Rxe2 g4 18. f5 h5 19. fxe6 Qxe6 20. Qd3 0-0 21. e4 Kg7 22. exd5 Nxd5 23. Rf5 Qh6 24. Nd7 Nf4 25. Rxf4 Qxf4 26. Nxf8 Bxf8 27. d5 Bd6 28. g3 Qa4 29. a3 Qd1+ 30. Kg2 c4 31. Qe3 Bc5 32. Qg5+ Kf8 33. Qh6+ Kg8 34. Qg5+ 1/2-1/2

[Event "BCF-chT 0405 (4NCL)"]
[Site "West Bromwich"]
[Date "2004.11.20"]
[Round "3.8"]
[White "Lauterbach, Ingrid"]
[Black "Evans, Debbie"]
[Result "0-1"]
[WhiteElo "2179"]
[BlackElo "2013"]
[PlyCount "130"]
[EventDate "2004.09.18"]
[EventType "team"]
[EventRounds "11"]
[EventCountry "ENG"]
[SourceTitle "EXT 2006"]
[Source "ChessBase"]
[SourceDate "2005.11.24"]
[SourceVersion "1"]
[SourceVersionDate "2005.11.24"]
[SourceQuality "1"]
[WhiteTeam "Barbican"]
[BlackTeam "Warwicks Select"]
[WhiteTeamCountry "ENG"]
[BlackTeamCountry "ENG"]

1. e4 c5 2. Nf3 e6 3. d3 Nc6 4. g3 Rb8 5. Bg2 b5 6. 0-0 Bb7 7. c3 d6 8. d4 Nf6 9. Qe2 a6 10. dxc5 dxc5 11. Bf4 Rc8 12. Rd1 Qa5 13. Nbd2 Be7 14. Nf1 0-0 15. e5 Nd5 16. Bg5 c4 17. Bxe7 Ncxe7 18. Ng5 Qb6 19. Qh5 h6 20. Ne4 Nf5 21. Qe2 Rfd8 22. Nfd2 Rd7 23. Nf3 Rcd8 24. Rd2 Qc7 25. Rad1 Ba8 26. Bh3 Qc6 27. Nd4 Nxd4 28. cxd4 Nf4 29. gxf4 Qxe4 30. Qxe4 Bxe4 31. f5 exf5 32. a3 Bd3 33. f3 g6 34. Kf2 Rxd4 35. Bf1 f4 36. Bh3 Kf8 37. e6 f6 38. e7+ Kxe7 39. Re1+ Kf8 40. Red1 Kf7 41. Bf1 R4d7 42. Bh3 Re7 43. b3 Rde8 44. bxc4 bxc4 45. Bf1 Bxf1 46. Rxf1 c3 47. Rc2 Re3 48. Rb1 Rc8 49. Rb7+ Re7 50. Rb6 a5 51. Rb5 Re5 52. Rb3 Rec5 53. Rb6 g5 54. Kg2 Rd8 55. Rb7+ Kg6 56. h4 Kh5 57. a4 Kxh4 58. Rb1 Kh5 59. Kh3 Rd3 60. Rf1 g4+ 61. Kg2 g3 62. Rh1+ Kg5 63. Rcc1 c2 64. Rce1 Rd2+ 65. Kh3 Rh2+ 0-1

[Event "Monmouth op"]
[Site "Monmouth"]
[Date "2004.07.??"]
[Round "5"]
[White "Evans, Debbie"]
[Black "Morcom, Huw"]
[Result "1/2-1/2"]
[WhiteElo "2013"]
[BlackElo "2031"]
[PlyCount "81"]
[EventDate "2004.??.??"]
[EventType "swiss"]
[EventRounds "5"]
[EventCountry "WLS"]
[SourceTitle "EXT 2007"]
[Source "ChessBase"]
[SourceDate "2006.11.23"]
[SourceVersion "1"]
[SourceVersionDate "2006.11.23"]
[SourceQuality "1"]

1. e4 c5 2. Nf3 d6 3. d4 cxd4 4. Nxd4 Nf6 5. Nc3 a6 6. a4 g6 7. Be2 Bg7 8. 0-0 0-0 9. Kh1 Nbd7 10. Nb3 Qc7 11. Be3 b6 12. Qd2 Bb7 13. f3 Rfe8 14. Rfd1 Rac8 15. Bd3 e6 16. Qf2 d5 17. exd5 Nxd5 18. Nxd5 exd5 19. c3 Be5 20. f4 Bd6 21. Rf1 Nc5 22. Nxc5 Bxc5 23. Bd4 Bxd4 24. cxd4 f5 25. h4 Qg7 26. Rfe1 Qf6 27. g3 a5 28. Re5 Bc6 29. Kh2 Rxe5 30. dxe5 Qd8 31. Qd4 Be8 32. Rd1 Bf7 33. Rd2 Be6 34. Kg2 h6 35. Kf3 Qc7 36. Ke3 Qc1 37. Ke2 Qc5 38. Bb1 Qxd4 39. Rxd4 Rc1 40. Rd1 Rc4 41. Ba2 1/2-1/2

[Event "Wales Fishguard op"]
[Site "Wales"]
[Date "2004.??.??"]
[Round "3"]
[White "Van Kemenade, Rudy"]
[Black "Evans, Debbie"]
[Result "1-0"]
[WhiteElo "2005"]
[BlackElo "2045"]
[PlyCount "53"]
[EventDate "2004.??.??"]
[EventType "swiss"]
[EventRounds "5"]
[EventCountry "WLS"]
[SourceTitle "EXT 2007"]
[Source "ChessBase"]
[SourceDate "2006.11.23"]
[SourceVersion "1"]
[SourceVersionDate "2006.11.23"]
[SourceQuality "1"]

1. e4 d6 2. d4 g6 3. Nc3 c6 4. a4 a5 5. g3 Na6 6. Bg2 h5 7. h3 Bg7 8. Nge2 Bd7 9. 0-0 Qc8 10. Kh2 h4 11. g4 Nf6 12. f3 Nb4 13. Be3 Qc7 14. Qd2 Be6 15. b3 d5+ 16. e5 Nh7 17. f4 f6 18. Kg1 fxe5 19. dxe5 Rd8 20. Nd4 Bc8 21. Qf2 Nf8 22. Nf3 Nd7 23. Rad1 e6 24. Ng5 Ke7 25. Nxe6 Kxe6 26. f5+ Kf7 27. fxg6+ 1-0

[Event "BCF-chT2 0203 (4NCL)"]
[Site "West Bromwich"]
[Date "2003.03.08"]
[Round "5.8"]
[White "Hague, Ben"]
[Black "Evans, Debbie"]
[Result "1-0"]
[WhiteElo "2233"]
[BlackElo "2024"]
[PlyCount "69"]
[EventDate "2002.11.??"]
[EventType "team"]
[EventRounds "11"]
[EventCountry "ENG"]
[SourceTitle "EXT 2004"]
[Source "ChessBase"]
[SourceDate "2003.11.25"]
[SourceVersion "1"]
[SourceVersionDate "2003.11.25"]
[SourceQuality "1"]
[WhiteTeam "NW Eagles"]
[BlackTeam "SW Dragons II"]
[WhiteTeamCountry "ENG"]
[BlackTeamCountry "ENG"]

1. e4 d6 2. d4 g6 3. Nc3 Bg7 4. Be3 a6 5. a4 Nc6 6. d5 Nb8 7. Nf3 c6 8. a5 Bg4 9. Be2 Nf6 10. Nd2 Bxe2 11. Qxe2 Nbd7 12. 0-0 0-0 13. h3 Qc7 14. Nc4 c5 15. f4 b5 16. axb6 Nxb6 17. Ra2 Nh5 18. Kh2 Bxc3 19. bxc3 Nxc4 20. Qxc4 Nf6 21. Qd3 Nd7 22. c4 Rfb8 23. Bd2 Rb7 24. Bc3 Rba7 25. Qg3 a5 26. e5 a4 27. e6 fxe6 28. dxe6 Nf6 29. Qh4 d5 30. Be5 Qc6 31. f5 d4 32. Ra3 Qe4 33. Bxf6 Qxc2 34. Be5 Qxc4 35. Qh6 1-0

[Event "Olympiad Women-35"]
[Site "Bled"]
[Date "2002.10.28"]
[Round "3.1"]
[White "Blanco Acevedo, Maria Carolina"]
[Black "Evans, Debbie"]
[Result "0-1"]
[WhiteElo "2172"]
[BlackElo "2047"]
[PlyCount "54"]
[EventDate "2002.10.26"]
[EventType "team-swiss"]
[EventRounds "14"]
[EventCountry "SLO"]
[SourceTitle "EXT 2003"]
[Source "ChessBase"]
[SourceDate "2002.11.25"]
[SourceVersion "1"]
[SourceVersionDate "2002.11.25"]
[SourceQuality "1"]
[WhiteTeam "Venezuela (W)"]
[BlackTeam "Wales (W)"]
[WhiteTeamCountry "VEN"]
[BlackTeamCountry "WLS"]

1. d4 d6 2. g3 Bd7 3. Bg2 Qc8 4. c4 g6 5. Nc3 Bg7 6. Be3 Nh6 7. Qd2 Nf5 8. Nf3 Nxe3 9. Qxe3 Nc6 10. Nd5 Qd8 11. h4 h5 12. b4 Nxd4 13. Nxd4 c6 14. Rd1 cxd5 15. Bxd5 0-0 16. b5 Qb6 17. Qe4 e6 18. Bxb7 d5 19. Bxd5 exd5 20. Qxd5 Qa5+ 21. Rd2 Rad8 22. Nb3 Qb4 23. 0-0 Bf6 24. Qb7 Be6 25. Rxd8 Bxd8 26. c5 Bxb3 27. axb3 Qxc5 0-1

[Event "West Wales op"]
[Site "Swansea"]
[Date "2002.10.12"]
[Round "3"]
[White "Evans, Debbie"]
[Black "Woolcock, Craig"]
[Result "0-1"]
[WhiteElo "2072"]
[BlackElo "1856"]
[PlyCount "92"]
[EventDate "2002.10.??"]
[EventType "swiss"]
[EventRounds "5"]
[EventCountry "WLS"]
[SourceTitle "EXT 2004"]
[Source "ChessBase"]
[SourceDate "2003.11.25"]
[SourceVersion "1"]
[SourceVersionDate "2003.11.25"]
[SourceQuality "1"]

1. Nf3 Nf6 2. g3 d5 3. d3 h6 4. c4 c6 5. b3 Bf5 6. Bb2 e6 7. Bg2 Bb4+ 8. Nbd2 0-0 9. 0-0 Nbd7 10. a3 Be7 11. b4 a5 12. c5 Qc7 13. Nh4 Bh7 14. Nb3 axb4 15. axb4 b6 16. Qd2 Rfb8 17. Rfc1 Ne8 18. d4 Bg5 19. e3 Bxh4 20. gxh4 b5 21. Na5 Rc8 22. f3 f5 23. Kh1 Nef6 24. Rg1 Ra7 25. Bc3 Nb8 26. Qe2 Qf7 27. Be1 Re7 28. Bg3 Nbd7 29. Nb7 Qh5 30. Nd6 Rd8 31. Qf2 g5 32. Ra7 Rg7 33. Rga1 Kh8 34. Ra8 Rgg8 35. Rxd8 Rxd8 36. Ra7 Kg8 37. hxg5 hxg5 38. Rc7 Ra8 39. Rxc6 Ra1+ 40. Bf1 f4 41. Rc8+ Nf8 42. e4 fxg3 43. Qxg3 Rxf1+ 44. Kg2 Rb1 45. e5 Rb2+ 46. Kg1 Qg6 0-1

[Event "BCF-ch 89th"]
[Site "Torquay"]
[Date "2002.08.08"]
[Round "10"]
[White "Evans, Debbie"]
[Black "Gregory, Stephen J"]
[Result "0-1"]
[WhiteElo "2069"]
[BlackElo "2173"]
[PlyCount "100"]
[EventDate "2002.07.29"]
[EventType "swiss"]
[EventRounds "11"]
[EventCountry "ENG"]
[SourceTitle "CBM 091"]
[Source "ChessBase"]
[SourceDate "2002.11.12"]
[SourceVersion "1"]
[SourceVersionDate "2002.11.12"]
[SourceQuality "1"]

1. g3 Nf6 2. Bg2 g6 3. Nf3 Bg7 4. 0-0 0-0 5. d3 d6 6. e4 c5 7. Re1 Nc6 8. c3 e5 9. a3 a5 10. a4 h6 11. Na3 Be6 12. d4 cxd4 13. cxd4 exd4 14. Nxd4 Nxd4 15. Qxd4 Ng4 16. Qd1 Qb6 17. Re2 Bb3 18. Qe1 Kh7 19. h3 Ne5 20. Be3 Qb4 21. Nb5 Qxe1+ 22. Rexe1 Nd3 23. Re2 Rfd8 24. Bd4 Rac8 25. Bxg7 Kxg7 26. Rd2 Nc5 27. Nc3 Bxa4 28. Rxa4 Nxa4 29. Nxa4 Rc1+ 30. Bf1 b5 31. Nb6 Kf6 32. f4 Ke6 33. Kg2 Rb8 34. Nd5 Rbc8 35. Bd3 b4 36. b3 a4 37. bxa4 b3 38. Ne3 R8c3 39. f5+ gxf5 40. exf5+ Kd7 41. Nd1 R1c2 42. Bb5+ Kc7 43. Nxc3 Rxd2+ 44. Kf3 b2 45. Bc4 Rc2 46. Nb5+ Kd7 47. Ba2 Rc1 48. Nd4 Ra1 49. Bxf7 b1Q 50. Be6+ Ke7 0-1

[Event "WLS-ch"]
[Site "Swansea"]
[Date "2002.??.??"]
[Round "6"]
[White "Cast, Abigail"]
[Black "Evans, Debbie"]
[Result "1-0"]
[WhiteElo "2107"]
[BlackElo "2070"]
[PlyCount "131"]
[EventDate "2002.03.29"]
[EventType "swiss"]
[EventRounds "7"]
[EventCountry "WLS"]
[SourceTitle "EXT 2003"]
[Source "ChessBase"]
[SourceDate "2002.11.25"]
[SourceVersion "1"]
[SourceVersionDate "2002.11.25"]
[SourceQuality "1"]

1. d4 g6 2. Nf3 Bg7 3. Bg5 d6 4. Nbd2 Nd7 5. e3 Ngf6 6. Bd3 0-0 7. 0-0 e5 8. c3 h6 9. Bh4 Re8 10. Qc2 Qe7 11. e4 g5 12. Bg3 Nh5 13. dxe5 dxe5 14. Rfe1 Nf8 15. Nc4 Ng6 16. a4 Nhf4 17. Bf1 g4 18. Nfd2 h5 19. f3 Qg5 20. fxg4 Bxg4 21. Ne3 h4 22. Bxf4 Nxf4 23. Nxg4 Qxg4 24. Nf3 Re6 25. Kh1 h3 26. Re3 hxg2+ 27. Bxg2 Nxg2 28. Qxg2 Qf4 29. Qe2 Bh6 30. Rd3 Qf6 31. Rg1+ Kf8 32. Rd7 Re7 33. Rd3 Re6 34. Rd7 Rc6 35. Qg2 Ke8 36. Rd5 Re6 37. Qg3 Qf4 38. Qxf4 exf4 39. Rg8+ Bf8 40. Ng5 Ke7 41. Nxe6 Kxe6 42. Rf5 Rd8 43. Rxf4 Rd1+ 44. Kg2 Bd6 45. Rf2 Bc5 46. Rf1 Rd2+ 47. Kf3 Rxh2 48. b4 Bd6 49. Ke3 Rh3+ 50. Rf3 Rh2 51. Kd3 f6 52. Ra8 a6 53. Ra7 Ra2 54. a5 c5 55. Rxb7 cxb4 56. cxb4 Rb2 57. Kc4 Re2 58. Kd3 Rb2 59. Rb6 Rxb4 60. Rxb4 Bxb4 61. Rf5 Be7 62. Kc4 Bd6 63. Rh5 Bc7 64. Rc5 Kd6 65. Rxc7 Kxc7 66. Kc5 1-0

[Event "WLS-ch"]
[Site "Swansea"]
[Date "2002.??.??"]
[Round "5"]
[White "Evans, Debbie"]
[Black "Gilbert, Jonathan A"]
[Result "1/2-1/2"]
[WhiteElo "2070"]
[BlackElo "2087"]
[PlyCount "44"]
[EventDate "2002.03.29"]
[EventType "swiss"]
[EventRounds "7"]
[EventCountry "WLS"]
[SourceTitle "EXT 2003"]
[Source "ChessBase"]
[SourceDate "2002.11.25"]
[SourceVersion "1"]
[SourceVersionDate "2002.11.25"]
[SourceQuality "1"]

1. e4 g6 2. Nf3 Bg7 3. g3 d6 4. Bg2 Nf6 5. d3 0-0 6. 0-0 c5 7. Re1 Nc6 8. c3 e5 9. a4 Bg4 10. h3 Bxf3 11. Bxf3 Qd7 12. Kh2 Ne8 13. Bg2 f5 14. f4 Nf6 15. exf5 gxf5 16. Nd2 exf4 17. gxf4 Rae8 18. Nf3 d5 19. Kg1 Qd6 20. Rxe8 Rxe8 21. Bd2 c4 22. d4 Ne4 1/2-1/2

[Event "WLS-ch"]
[Site "Swansea"]
[Date "2002.??.??"]
[Round "3"]
[White "Evans, Debbie"]
[Black "Rayner, Francis"]
[Result "1/2-1/2"]
[WhiteElo "2070"]
[BlackElo "2220"]
[PlyCount "80"]
[EventDate "2002.03.29"]
[EventType "swiss"]
[EventRounds "7"]
[EventCountry "WLS"]
[SourceTitle "EXT 2003"]
[Source "ChessBase"]
[SourceDate "2002.11.25"]
[SourceVersion "1"]
[SourceVersionDate "2002.11.25"]
[SourceQuality "1"]

1. e4 e5 2. Nf3 Nc6 3. Bb5 a6 4. Ba4 Nf6 5. 0-0 b5 6. Bb3 Bb7 7. d3 Be7 8. Re1 0-0 9. c3 d6 10. Nbd2 Nb8 11. d4 Nbd7 12. d5 c6 13. dxc6 Bxc6 14. Bc2 Nc5 15. Qe2 Qc7 16. g3 Qb7 17. Nh4 g6 18. Ng2 Rfe8 19. f3 Bf8 20. Ne3 Rad8 21. Nb3 Qb6 22. Kg2 Ne6 23. Rd1 d5 24. Nxd5 Nxd5 25. exd5 Bxd5 26. Be3 Qb7 27. Rd2 Nf4+ 28. Bxf4 exf4 29. Qf1 Re3 30. Rf2 fxg3 31. hxg3 Rde8 32. Nd2 f5 33. Bb3 Bxb3 34. Nxb3 Bd6 35. Nd4 Qc7 36. Nc2 R3e6 37. f4 Qb7+ 38. Kh3 Bc5 39. Rd2 Qg7 40. Re1 Rxe1 1/2-1/2

[Event "WLS-ch"]
[Site "Swansea"]
[Date "2002.??.??"]
[Round "7"]
[White "White, Ian Graham"]
[Black "Evans, Debbie"]
[Result "1/2-1/2"]
[WhiteElo "2042"]
[BlackElo "2070"]
[PlyCount "74"]
[EventDate "2002.03.29"]
[EventType "swiss"]
[EventRounds "7"]
[EventCountry "WLS"]
[SourceTitle "EXT 2003"]
[Source "ChessBase"]
[SourceDate "2002.11.25"]
[SourceVersion "1"]
[SourceVersionDate "2002.11.25"]
[SourceQuality "1"]

1. e4 g6 2. d4 Bg7 3. Nc3 c6 4. Nge2 d5 5. e5 f6 6. f4 Nh6 7. g3 Bg4 8. Bg2 fxe5 9. dxe5 Nf5 10. Qd3 Qb6 11. h3 Bxe2 12. Nxe2 Nd7 13. Qb3 Qa6 14. Rf1 e6 15. g4 Nc5 16. Qc3 Na4 17. Qd3 Qxd3 18. cxd3 Ne7 19. d4 0-0 20. b3 Nb6 21. Ng3 Nd7 22. Ba3 Rf7 23. Bxe7 Rxe7 24. f5 exf5 25. gxf5 Rxe5+ 26. dxe5 Bxe5 27. 0-0-0 Bxg3 28. fxg6 hxg6 29. Rd3 Bd6 30. Rdf3 Rf8 31. Rxf8+ Bxf8 32. Bf3 Ne5 33. Bg4 Nxg4 34. hxg4 Be7 35. Kc2 Kg7 36. Kd3 c5 37. a4 Bf6 1/2-1/2

[Event "Dyfed op"]
[Site "Gwbert on Sea"]
[Date "2001.02.25"]
[Round "5"]
[White "Purdon, Colin"]
[Black "Evans, Debbie"]
[Result "1-0"]
[WhiteElo "2089"]
[BlackElo "2067"]
[PlyCount "25"]
[EventDate "2001.02.??"]
[EventType "swiss"]
[EventRounds "5"]
[EventCountry "WLS"]
[SourceTitle "EXT 2004"]
[Source "ChessBase"]
[SourceDate "2003.11.25"]
[SourceVersion "1"]
[SourceVersionDate "2003.11.25"]
[SourceQuality "1"]

1. d4 d5 2. c4 e6 3. Nc3 Nf6 4. Nf3 Be7 5. Bf4 c6 6. e3 0-0 7. Qc2 Nbd7 8. Bd3 Re8 9. 0-0-0 dxc4 10. Bxc4 Nb6 11. Bd3 Nbd5 12. Nxd5 cxd5 13. Bc7 1-0

[Event "Dyfed op"]
[Site "Gwbert on Sea"]
[Date "2001.02.24"]
[Round "3"]
[White "Johnston, Dafydd"]
[Black "Evans, Debbie"]
[Result "1-0"]
[WhiteElo "2212"]
[BlackElo "2067"]
[PlyCount "69"]
[EventDate "2001.02.??"]
[EventType "swiss"]
[EventRounds "5"]
[EventCountry "WLS"]
[SourceTitle "EXT 2004"]
[Source "ChessBase"]
[SourceDate "2003.11.25"]
[SourceVersion "1"]
[SourceVersionDate "2003.11.25"]
[SourceQuality "1"]

1. c4 e5 2. g3 Nf6 3. Bg2 d5 4. cxd5 Nxd5 5. Nc3 Nb6 6. Nf3 Nc6 7. 0-0 Be7 8. d3 0-0 9. a3 a5 10. Be3 Be6 11. Rc1 f5 12. Na4 Nxa4 13. Qxa4 Bf6 14. Qb5 Bd5 15. Rc5 Ne7 16. Ng5 Bxg2 17. Kxg2 Bxg5 18. Bxg5 h6 19. Bxe7 Qxe7 20. Rxe5 Qf6 21. f4 c6 22. Qxb7 Rfb8 23. Qc7 Rxb2 24. Rc1 Rab8 25. Rxc6 Qf8 26. Qxa5 Ra8 27. Qd5+ Kh8 28. Rce6 Rbb8 29. Rxf5 Qxa3 30. Rxh6+ gxh6 31. Qe5+ Kg8 32. Qe6+ Kg7 33. Rf7+ Kh8 34. Qxh6+ Kg8 35. Qg7# 1-0

[Event "Olympiad Women-34"]
[Site "Istanbul"]
[Date "2000.11.07"]
[Round "10.1"]
[White "Evans, Debbie"]
[Black "Sanli, Emine"]
[Result "1-0"]
[WhiteElo "2046"]
[BlackElo "2007"]
[PlyCount "145"]
[EventDate "2000.10.28"]
[EventType "team-swiss"]
[EventRounds "14"]
[EventCountry "TUR"]
[SourceTitle "EXT 2001"]
[Source "ChessBase"]
[SourceDate "2000.11.22"]
[SourceVersion "1"]
[SourceVersionDate "2000.11.22"]
[SourceQuality "1"]
[WhiteTeam "Wales (W)"]
[BlackTeam "Turkey (W) II"]
[WhiteTeamCountry "WLS"]
[BlackTeamCountry "TUR"]

1. Nf3 d5 2. d3 Bg4 3. Nbd2 Nf6 4. h3 Bxf3 5. Nxf3 e6 6. c3 c6 7. Qc2 Qc7 8. e4 Nbd7 9. exd5 cxd5 10. d4 Bd6 11. Bd3 a6 12. a4 Rc8 13. 0-0 Nf8 14. Re1 Ng6 15. Bg5 Nf4 16. Bf5 0-0 17. Bxf6 exf5 18. Be5 g6 19. Qd2 f6 20. Bxd6 Qxd6 21. Re3 Rfe8 22. Rae1 Re4 23. h4 Ne6 24. b4 Qc6 25. Qa2 Kg7 26. Nd2 Rxe3 27. Rxe3 Kf7 28. h5 Nf4 29. hxg6+ hxg6 30. g3 Nh3+ 31. Kg2 Ng5 32. f4 Ne6 33. Qb3 Nc7 34. Qd1 Re8 35. Rd3 Re7 36. Kf2 Qe8 37. a5 Qh8 38. Nf3 Re4 39. Kg2 Qe8 40. Kf2 Nb5 41. Nd2 Re7 42. Nb3 Nd6 43. Nc5 Ne4+ 44. Kg2 Nxc5 45. dxc5 Re1 46. Qf3 Re2+ 47. Kf1 Re4 48. Qd1 Qb5 49. Kf2 Qc4 50. Rxd5 Re7 51. Rd3 Qe4 52. Rf3 Qc4 53. Qd2 Kg7 54. Rd3 Qe6 55. Rd6 Qe4 56. Rd7 Qe6 57. Rd3 Qc6 58. Re3 Qe8 59. c4 Kf7 60. Qd5+ Kf8 61. Qd6 Kf7 62. Rxe7+ Qxe7 63. Qxe7+ Kxe7 64. Ke3 Kd7 65. b5 Kc7 66. Kd4 Kd7 67. Kd5 g5 68. bxa6 bxa6 69. c6+ Kc8 70. Kd6 gxf4 71. gxf4 Kd8 72. c7+ Kc8 73. c5 1-0